<?xml version="1.0" encoding="UTF-8"?>
<record
    xmlns:xsi="http://www.w3.org/2001/XMLSchema-instance"
    xsi:schemaLocation="http://www.loc.gov/MARC21/slim http://www.loc.gov/standards/marcxml/schema/MARC21slim.xsd"
    xmlns="http://www.loc.gov/MARC21/slim">

  <leader>00456nam a22001697a 4500</leader>
  <controlfield tag="003">MPLRDC</controlfield>
  <controlfield tag="005">20220104123519.0</controlfield>
  <controlfield tag="008">210129b           ||||| |||| 00| 0 eng d</controlfield>
  <datafield tag="020" ind1=" " ind2=" ">
    <subfield code="a">983-71-0067-2</subfield>
  </datafield>
  <datafield tag="082" ind1=" " ind2=" ">
    <subfield code="a">209.386 CZM </subfield>
  </datafield>
  <datafield tag="100" ind1=" " ind2=" ">
    <subfield code="a">&#x9648;&#x5FD7;&#x660E;</subfield>
  </datafield>
  <datafield tag="245" ind1=" " ind2=" ">
    <subfield code="a">&#x9A6C;&#x65B0;&#x5FB7;&#x6559;&#x4F1A;&#x4E4B;&#x53D1;&#x5C55;&#x53CA;&#x5176;&#x5206;&#x5E03;&#x7814;&#x7A76;</subfield>
    <subfield code="c">&#x82CF;&#x5E86;&#x534E;&#x8BD1;</subfield>
  </datafield>
  <datafield tag="260" ind1=" " ind2=" ">
    <subfield code="a"></subfield>
    <subfield code="b">&#x4EE3;&#x7406;&#x5458;&#x6587;&#x6458;&#x6709;&#x9650;&#x516C;&#x53F8;</subfield>
    <subfield code="c"></subfield>
  </datafield>
  <datafield tag="300" ind1=" " ind2=" ">
    <subfield code="b">&#x5E73;</subfield>
  </datafield>
  <datafield tag="650" ind1=" " ind2=" ">
    <subfield code="a">&#x5B97;&#x6559;&#x53F2;&#x53CA;&#x5B97;&#x6559;&#x4E8B;&#x60C5;</subfield>
  </datafield>
  <datafield tag="942" ind1=" " ind2=" ">
    <subfield code="c">BK</subfield>
    <subfield code="o">209.386 CZM </subfield>
  </datafield>
  <datafield tag="999" ind1=" " ind2=" ">
    <subfield code="c">12028</subfield>
    <subfield code="d">12018</subfield>
  </datafield>
  <datafield tag="952" ind1=" " ind2=" ">
    <subfield code="0">0</subfield>
    <subfield code="1">0</subfield>
    <subfield code="2">ddc</subfield>
    <subfield code="4">0</subfield>
    <subfield code="7">0</subfield>
    <subfield code="8">OSC</subfield>
    <subfield code="a">MPLRDC</subfield>
    <subfield code="b">MPLRDC</subfield>
    <subfield code="c">OSC</subfield>
    <subfield code="d">2007-12-10</subfield>
    <subfield code="g">10.00</subfield>
    <subfield code="l">0</subfield>
    <subfield code="m">1</subfield>
    <subfield code="o">209.386 CZM </subfield>
    <subfield code="p">00012041</subfield>
    <subfield code="r">2021-03-17</subfield>
    <subfield code="s">2017-12-20</subfield>
    <subfield code="w">2021-03-17</subfield>
    <subfield code="y">BK</subfield>
    <subfield code="z">mplrdc</subfield>
  </datafield>
</record>
